000
00233nam a2200097Ia 4500
008
240331s9999 xx 000 0 und d
082
_a
297
_b
RAI
100
_a
Rai,B
245
0
_a
Muslim fundamentalism in the Indian subcontinen
942
_c
L
999
_c
943
_d
943